Beyond the texts : an archaeological portrait of ancient Israel and Judah /
Saved in:
Main Author:
Format: Book
Language: English
Published:
Atlanta :
SBL Press,
[2017].
Subjects:
Tags: Add Tag
No Tags, Be the first to tag this record!
Call Number: DS111 .D56 2017
| LEADER | 00858namaa2200253 4500 | ||
|---|---|---|---|
| 003 | OSt | ||
| 005 | 20260505123507.0 | ||
| 008 | 130303s2017 gauab b 001 0 eng d | ||
| 020 | |a 9780884142188 | ||
| 040 | |c ARCE Library | ||
| 043 | |a a-is--- |a awba--- |a awgz-- | ||
| 050 | 4 | |a DS111 .D56 2017 | |
| 100 | 1 | |a Dever, William G., |e author | |
| 245 | 1 | 0 | |a Beyond the texts : |b an archaeological portrait of ancient Israel and Judah / |c William G. Dever. |
| 264 | 1 | |a Atlanta : |b SBL Press, |c [2017]. | |
| 300 | |a xxi, 749 pages : |b illustrations, maps ; |c 24 cm. | ||
| 504 | |a Includes bibliographical references and indexes. | ||
| 630 | 0 | 0 | |a Bible. |p Old Testament |x Antiquities. |
| 650 | 0 | |a Excavations (Archaeology) |z Israel. | |
| 651 | 0 | |a Palestine |x Antiquities. | |
| 651 | 0 | |a Palestine |x History |y To 70 A.D. | |
| 901 | |a reviewed | ||
| 942 | |c BK |2 lcc | ||
| 999 | |c 2744 |d 2744 | ||
